000 00388nam a2200133Ia 4500
008 220217s9999||||xx |||||||||||||| ||und||
020 _a81-219-1982-7
082 _a621.382 2 LAP
100 _aLapsley, Phil Beir, Jeff. Etal.
_93060
245 0 _aDSP processors fundamentals
260 _aS, Chand and company
_bNew Delhi
_c2000
300 _b300
650 _aSIGNAL PROCESSING
_9719
999 _c170771
_d170771